Biblioteca y Centro de Documentación

La empresa familiar (Registro nro. 11212)

Detalles MARC
000 -CABECERA
Longitud fija campo de control 01222nam a2200397 c 4500
001 - NÚMERO DE CONTROL
Número de control 11212
003 - IDENTIFICADOR DE NÚMERO DE CONTROL
Identificador del número de control ES-MaCES
005 - FECHA Y HORA DE LA ÚLTIMA TRANSACCIÓN
Fecha y hora de la última transacción 20150924144633.0
008 - CAMPO FIJO DE DESCRIPCIÓN FIJA--INFORMACIÓN GENERAL
Códigos de información de longitud fija   001016s2000 sp t 000 | spa d
017 ## - NÚMERO DE REGISTRO DE DERECHOS DE AUTOR Y DEPÓSITO LEGAL
Número de copyright o de depósito legal V 1736-2000
Agencia que asigna el número DL
020 ## - ISBN (INTERNATIONAL STANDARD BOOK NUMBER)
Número Internacional Normalizado para Libros (ISBN) 848442104X
035 ## - NÚMERO DE CONTROL DEL SISTEMA
Número de control del sistema CES20000013510m
040 ## - FUENTE DE CATALOGACIÓN
Centro catalogador de origen ES-MaCES
Lengua de catalogación spa
Centro transcriptor ES-MaCES
100 1# - ENCABEZAMIENTO PRINCIPAL--NOMBRE PERSONAL
Nombre de persona Fernández Gimeno, José Pascual
9 (RLIN) 11873
245 13 - MENCIÓN DE TÍTULO
Título La empresa familiar
Mención de responsabilidad, etc. José Pascual Fernández Gimeno, Mª José Reyes López
260 ## - PUBLICACIÓN, DISTRIBUCIÓN, ETC (PIE DE IMPRENTA)
Lugar de publicación, distribución, etc. Valencia
Nombre del editor, distribuidor, etc. Tirant lo Blanch
Fecha de publicación, distribución, etc. 2000
300 ## - DESCRIPCIÓN FÍSICA
Extensión 255 p.
Dimensiones 24 cm
490 1# - MENCIÓN DE SERIE
Mención de serie Libros
504 ## - NOTA DE BIBLIOGRAFÍA, ETC.
Nota de bibliografía, etc. Bibliografía: p. 253-255
541 ## - NOTA DE LA FUENTE INMEDIANTE DE ADQUISICIÓN
Forma de adquisición Compra
650 #4 - ASIENTO SECUNDARIO DE MATERIA--TÉRMINO DE MATERIA
Término de materia o nombre geográfico como elemento inicial empresa familiar
9 (RLIN) 30018
650 #4 - ASIENTO SECUNDARIO DE MATERIA--TÉRMINO DE MATERIA
Término de materia o nombre geográfico como elemento inicial transmisión de la empresa
9 (RLIN) 30833
650 #4 - ASIENTO SECUNDARIO DE MATERIA--TÉRMINO DE MATERIA
Término de materia o nombre geográfico como elemento inicial derecho de sucesiones
9 (RLIN) 30973
650 #4 - ASIENTO SECUNDARIO DE MATERIA--TÉRMINO DE MATERIA
Término de materia o nombre geográfico como elemento inicial mecanismo de control
9 (RLIN) 29918
650 #4 - ASIENTO SECUNDARIO DE MATERIA--TÉRMINO DE MATERIA
Término de materia o nombre geográfico como elemento inicial España
9 (RLIN) 26964
650 #4 - ASIENTO SECUNDARIO DE MATERIA--TÉRMINO DE MATERIA
Término de materia o nombre geográfico como elemento inicial derecho civil
9 (RLIN) 27156
650 #4 - ASIENTO SECUNDARIO DE MATERIA--TÉRMINO DE MATERIA
Término de materia o nombre geográfico como elemento inicial derecho mercantil
9 (RLIN) 27157
650 #4 - ASIENTO SECUNDARIO DE MATERIA--TÉRMINO DE MATERIA
Término de materia o nombre geográfico como elemento inicial régimen jurídico
9 (RLIN) 29894
653 10 - TÉRMINO DE INDEXACIÓN--NO CONTROLADO
Término no controlado Empresa
650 #4 - ASIENTO SECUNDARIO DE MATERIA--TÉRMINO DE MATERIA
9 (RLIN) 27320
Término de materia o nombre geográfico como elemento inicial matrimonio
700 1# - ENCABEZAMIENTO SECUNDARIO--NOMBRE PERSONAL
Nombre de persona Reyes López, María José
9 (RLIN) 21966
830 #0 - ENCABEZAMIENTO SECUNDARIO DE COLECCIÓN--TÍTULO UNIFORME
Título uniforme Tirant lo Blanch libros
9 (RLIN) 32173
902 ## - CES. TIPO DE DOCUMENTO
Tipodoc (006$c Sirtex) LIB Libro
942 ## - ELEMENTOS KOHA
Fuente de clasificaión o esquema Clasificación propia del CES
Koha [por defecto] tipo de item Monografías
Parte de clasificación 0.0.
Existencias
Número de registro Signatura completa Tipo de item de Koha
038133 DPT-9479 Monografías
© CES, Consejo Económico y Social de España 2021